000
00337nam a2200157Ia 4500
100
_a
Muller/ Scott
250
_a
8
942
_c
BK
654
_a
Upgrading & Repairing Pcs
245
_a
Upgrading & Repairing PCs
260
_b
P.H.I.
_a
New Delhi
_c
1998
082
_a
4.252
_b
MUE
300
_a
1168
546
_a
ENGLISH
999
_c
26452
_d
26452